000 006640000a22001810004500
090 _aAR
_b02579
245 1 0 _aStudies in aquatic insects, XI: seven new species of the genus Ochrotrichia (<Ochrotrichia>) from South America (<Trichoptera; Hydroptilidae>)
650 1 4 _aEntomología
_94483
650 1 4 _aTaxonomía animal
_98245
650 1 4 _aNuevas especies
_992905
650 1 4 _aMorfología animal
_99953
653 _gOchrotrichia
041 0 _aInglés
700 1 _aSantiago Fragoso, Silvia
_996078
100 1 _aBueno Soria, Joaquín
_996079
942 _cARTICULO
773 1 _tProceedings of the Entomological Society of Washington
_3427
_h4
_q439-446
_d1992
_g94
999 _c11643
_d11643